| 000 | 01071cam a2200229 4500 | ||
|---|---|---|---|
| 001 | ABS68336 | ||
| 008 | 041027n2004 000 0 eng u | ||
| 035 | _a(Sirsi) u127829 | ||
| 100 | _aBessey, J. | ||
| 245 | 2 | _aA loss of confidence | |
| 260 | _c2004 | ||
| 490 |
_aBuilding _v269(8354) 22 October 2004, 62(1) |
||
| 520 | _aDiscusses the basis of legal privilege. Discusses its two types, litigation privilege and legal advice privilege which relates to confidential communication carried out between a client and lawyer. Introduces two recent cases, "Jackson v Marley Davenport Ltd" ([2004] EWCA Civ 1225, unreported) and "Three Rivers DC v Bank of England" ([2004] EWCA Civ 218, [2004] 3 ALL ER 168-183 (15)) which demonstrate that expert witnesses can no longer take legal privilege for granted. | ||
| 590 | _aABS | ||
| 590 | _aABS | ||
| 650 | _aALAN JACKSON V MARLEY DEVELOPMENTS | ||
| 650 | _aTHREE RIVERS DC V BANK OF ENGLAND | ||
| 650 | _aPRIVILEGE | ||
| 650 |
_aEXPERT WITNESS _96239 |
||
| 690 | _aDISPUTE RESOLUTION-EXPERT WITNESS | ||
| 942 | _n0 | ||
| 999 |
_c118229 _d118229 |
||